00676nam a2200181 4500001000700000003000900007005001700016007000300033008004100036100002600077245010900103260004500212300004100257700002300298852003200321999001900353952012200372127579ES-MaACL20230906193035.0t|070214s1960 xxu r ||||1| eng d1 aRiger, Robert.99720314aThe pros b: a documentary of professional football in America /cRobert Riger ; comentary by Tex Maule. aNew York : bSimon and Schuster, c1960. a191 p., 36 lám. : bil. ; c31 cm.1 aMaule, Tex.979199 aES-MaACLjC-24264 bR.52918 c127579d127579 00104070aATENEOMbATENEOMcDEPO2d2008-01-17eSCl0oC-24264p1132878r2023-02-23 00:00:00w2023-02-23yMONOGRAFIA